A study on some aspects of diarrhoeal disease among the Orang Asli children 0-5 years, Kuala Langat District, 1990 /
Saved in:
| Main Author: | |
|---|---|
| Format: | Thesis Book |
| Language: | English |
| Published: |
1991.
|
| Subjects: | |
| Tags: |
Add Tag
No Tags, Be the first to tag this record!
|
| LEADER | 00977cam a2200253 a 4500 | ||
|---|---|---|---|
| 001 | u128086 | ||
| 003 | SIRSI | ||
| 008 | 911211s1991 my t 00 1 eng m | ||
| 035 | |a AAO-3647 | ||
| 040 | |a UMP | ||
| 043 | |a a-my-se | ||
| 096 | |a WS312 |b Mohnak 1991 | ||
| 100 | 0 | 0 | |a Mohamed Naim Hj. Abdul Kadir. |
| 245 | 1 | 2 | |a A study on some aspects of diarrhoeal disease among the Orang Asli children 0-5 years, Kuala Langat District, 1990 / |c Mohamed Naim bin Hj. Abdul Kadir. |
| 260 | |c 1991. | ||
| 300 | |a x, 90 leaves : |b ill. ; |c 30 cm. | ||
| 500 | |a Typescript. | ||
| 502 | |a Dissertation (M.P.H.) -- Jabatan Perubatan Kemasyarakatan dan Pencegahan, Fakulti Perubatan, Universiti Malaya, 1992. | ||
| 504 | |a Bibliography: leaves 67-76. | ||
| 650 | 2 | |a Diarrhea |x in infancy & childhood. | |
| 650 | 2 | |a Child Health Services |z Kuala Langat (Selangor). | |
| 948 | |a 06/01/1992 |b 11/07/1998 | ||
| 596 | |a 2 | ||
| 999 | |a WS312 MOHNAK 1991 |w NLM |c 1 |i A500042199 |l STACKS |m P02MEDKL |r Y |s Y |t TESIS |u 16/1/1992 | ||
